000 00506nam a2200193 a 4500
003 IIN
005 20251201112825.0
008 250924s2023 xx ad d 000 0 eng d
020 _cRs.624.00
_a9788131256886
040 _aIIN
_bEnglish
082 _a610.3
_bDOR
100 1 _aDorland
245 1 _aDorland's Pocket Medical Dictionary
_cby Dorland
250 _a30th ed
260 _bElsevier
_aNew Delhi
_c2023
300 _axxvii, 850 p.
_bcol. ill.
650 1 _aDictionary
_vMedical
942 _cREF
999 _c1873
_d1873